| Tag |
First Indicator |
Second Indicator |
Subfields |
| LEADER |
00000cam a22000001 4500 |
| 001 |
in00000069136 |
| 005 |
20151008051403.0 |
| 008 |
721213s1952 nyu 10010 eng |
| 010 |
|
|
|a 52008495
|
| 035 |
|
|
|a (OCoLC)00264098
|
| 035 |
|
|
|9 AAG7566AM
|
| 040 |
|
|
|a DLC
|c DLC
|d TXA
|d UtOrBLW
|
| 043 |
|
|
|a n-us---
|
| 049 |
|
|
|a TXAM
|c [215270]
|
| 050 |
0 |
0 |
|a HV741
|b .M5 1950
|
| 082 |
0 |
|
|a 362.706373
|
| 092 |
|
|
|a 362.7063
|b M627p
|
| 111 |
2 |
|
|a Mid-century White House Conference on Children and Youth
|d (1950 :
|c Washington, D.C.)
|
| 245 |
1 |
0 |
|a Personality in the making ;
|b the fact-finding report of the Midcentury White House Conference on Children and Youth /
|c edited by Helen Leland Witmer [and] Ruth Kotinsky.
|
| 250 |
|
|
|a [1st ed.].
|
| 264 |
|
1 |
|a New York :
|b Harper,
|c [1952]
|
| 300 |
|
|
|a xviii, 454 pages ;
|c 24 cm.
|
| 336 |
|
|
|a text
|b txt
|2 rdacontent
|
| 337 |
|
|
|a unmediated
|b n
|2 rdamedia
|
| 338 |
|
|
|a volume
|b nc
|2 rdacarrier
|
| 650 |
|
0 |
|a Child welfare
|v Congresses.
|
| 650 |
|
0 |
|a Child welfare
|z United States
|v Congresses.
|
| 700 |
1 |
|
|a Witmer, Helen Leland.
|
| 999 |
|
|
|a MARS
|
| 999 |
f |
f |
|s 72c650d9-caa1-3675-b9a7-a8b1b57fea3a
|i e3384097-23b6-3c7a-82c2-8b96e8531bdb
|t 0
|
| 952 |
f |
f |
|p ric
|a Texas A&M University
|b Rellis Campus
|c Joint Library Facility
|d Remote Storage
|t 0
|e HV741 .M5 1950
|h Library of Congress classification
|i unmediated -- volume
|m A14800810931
|
| 998 |
f |
f |
|a HV741 .M5 1950
|t 0
|l Remote Storage
|